000 00463nam a2200169 i 4500
001 34051
003 ES-MaACL
005 20240501063029.0
007 t|
008 030204s1971 sp ||||1| spa d
100 1 _aBlanco González, Manuel,
_d1932-
_929264
245 1 0 _aGente /
_cManuel Blanco González.
260 _aMadrid :
_bGredos,
_c[1971]
300 _a119 p. ;
_c20 cm.
852 _aES-MaACL
_jC-40107
_bR.76845
999 _c34051
_d34051